What do farmers want from agri-environmental scheme design? A choice experiment approach (Record no. 72365)

MARC details
000 -LEADER
fixed length control field 00558nam a2200193Ia 4500
100 ## - MAIN ENTRY--AUTHOR NAME
Personal name Espinosa-Goded M
245 #0 - TITLE STATEMENT
Title What do farmers want from agri-environmental scheme design? A choice experiment approach
260 ## - PUBLICATION, DISTRIBUTION, ETC. (IMPRINT)
Name of publisher Journal of Agricultural Economics
Year of publication 2010
300 ## - PHYSICAL DESCRIPTION
Number of Pages 259-273
650 ## - SUBJECT ADDED ENTRY--TOPICAL TERM
Topical Term Agri-environmental schemes
650 ## - SUBJECT ADDED ENTRY--TOPICAL TERM
Topical Term Choice experiment
650 ## - SUBJECT ADDED ENTRY--TOPICAL TERM
Topical Term Error component
650 ## - SUBJECT ADDED ENTRY--TOPICAL TERM
Topical Term Farmers
650 ## - SUBJECT ADDED ENTRY--TOPICAL TERM
Topical Term Spain
700 ## - ADDED ENTRY--PERSONAL NAME
Personal name Barreiro-Hurle J.
700 ## - ADDED ENTRY--PERSONAL NAME
Personal name Ruto e.
942 ## - ADDED ENTRY ELEMENTS (KOHA)
Koha item type Journals
Holdings
Withdrawn status Lost status Damaged status Not for loan Home library Current library Date acquired Serial Enumeration / chronology Koha item type
      Journals RRII Library RRII Library 16/09/2010 Volume 61, Issue 2 Journals